| 000 | 00605nmm a2200193Ia 4500 | ||
|---|---|---|---|
| 008 | 251105s9999||||xx |||||||||||||||||und|| | ||
| 020 | _a9789587414462 | ||
| 041 | _aspa | ||
| 100 | _aQuintero M., Chistrian G. | ||
| 245 | 0 |
_aControl automático aplicado : _b Prácticas de laboratorio |
|
| 264 |
_a[Bogotá, Colombia] : _bUniversidad del Norte, _c2014 |
||
| 300 | _a176 páginas | ||
| 650 | _aEngineering | ||
| 700 | _aQuintero M., Chistrian G. | ||
| 700 | 1 | _a Oñate López, José A. | |
| 700 | 1 | _a Jimenez M., Jamer R. | |
| 856 | _uhttps://public.digitaliapublishing.com/a/54938 | ||
| 942 | _cCF | ||
| 999 |
_c70274 _d70274 |
||